[Event "DVM U12 2010"]
[Site "Templin OT Groß Dölln GER"]
[Date "2010.12.29"]
[Round "6"]
[White "Baskin, Robert"]
[Black "Gungl, Theo"]
[Result "1-0"]
[Termination "normal"]
[Board "1.1"]
[WhiteElo "1891"]
[BlackElo "1735"]
[WhiteTeam "Makkabi Frankfurt"]
[BlackTeam "USV TU Dresden"]
[WhiteFideId "24662402"]
[BlackFideId "24695653"]
[EventCountry "GER"]
[EventRounds "7"]
[EventType "team-swiss"]
[EventDate "2010.12.26"]

1. e4 c6 2. d4 d5 3. Nc3 dxe4 4. Nxe4 Bf5 5. Ng3 Bg6 6. h4 h6 7. Nf3 Nd7 8. h5
Bh7 9. Bd3 Bxd3 10. Qxd3 Ngf6 11. Bd2 e6 12. Qe2 Qc7 13. O-O-O Bd6 14. Nf5
O-O-O 15. Nxd6+ Qxd6 16. Ne5 Qe7 17. Nxc6 bxc6 18. Qa6+ Kb8 19. Bf4+ e5 20.
dxe5 Nxe5 21. Qxc6 Nfd7 22. Rxd7 Rxd7 23. Bxe5+ Qxe5 24. Qxd7 Rc8 25. Qd2 Qe6
26. Qf4+ Kb7 27. Qf3+ Kb8 28. Qb3+ Qxb3 29. axb3 Re8 30. Rh3 Re2 31. Rf3 f6 32.
Kd1 Re7 33. Re3 Rd7+ 34. Ke2 Kc7 35. Rg3 Re7+ 36. Kf3 Kd8 37. Rg4 f5 38. Rd4+
Ke8 39. Rd5 Re1 40. Rxf5 Rb1 41. Ra5 Rxb2 42. Rxa7 Rxc2 43. Rxg7 Rc3+ 44. Kg4
Rxb3 45. Rg6 Kf7 46. Rxh6 Kg7 47. Ra6 Rb4+ 48. f4 1-0

[Event "DVM U12 2010"]
[Site "Templin OT Groß Dölln GER"]
[Date "2010.12.29"]
[Round "6"]
[White "Schamschurko, André"]
[Black "Mager, Denis"]
[Result "0-1"]
[Termination "normal"]
[Board "1.2"]
[WhiteElo "1738"]
[BlackElo "1681"]
[WhiteTeam "USV TU Dresden"]
[BlackTeam "Makkabi Frankfurt"]
[WhiteFideId "24695670"]
[BlackFideId "24691127"]
[EventCountry "GER"]
[EventRounds "7"]
[EventType "team-swiss"]
[EventDate "2010.12.26"]

1. e4 {[%emt 0:00:00]} c5 2. Nc3 Nc6 3. f4 e6 4. Nf3 d5 5. e5 Nge7 6. Bb5 a6 7.
Bxc6+ Nxc6 8. d3 Be7 9. O-O b5 10. Qe1 Qb6 11. Kh1 Bb7 12. Qg3 g6 13. Ng5 h6
14. Nf3 O-O-O 15. a4 b4 16. Ne2 a5 17. Rd1 Ba6 18. Qf2 Kb7 19. b3 c4 20. Qxb6+
Kxb6 21. Be3+ Bc5 22. Bxc5+ Kxc5 23. d4+ Kb6 24. Nc1 Ne7 25. bxc4 dxc4 26. Rb1
Nd5 27. Ne2 Kc6 28. Rdc1 c3 29. Nfg1 Ne3 30. h3 Rd5 31. Rb3 Nf5 32. Rd1 Bc4 33.
Rbb1 Rhd8 34. g3 Nxd4 35. Nxd4+ Rxd4 36. Re1 Bd5+ 37. Kh2 Rd2+ 38. Re2 Bf3 0-1

[Event "DVM U12 2010"]
[Site "Templin OT Groß Dölln GER"]
[Date "2010.12.29"]
[Round "6"]
[White "Greif, Gavin"]
[Black "Birkenheuer, Simon"]
[Result "1/2-1/2"]
[Termination "normal"]
[Board "1.3"]
[WhiteElo "1713"]
[BlackElo "1486"]
[WhiteTeam "Makkabi Frankfurt"]
[BlackTeam "USV TU Dresden"]
[WhiteFideId "24662429"]
[BlackFideId "12964786"]
[EventCountry "GER"]
[EventRounds "7"]
[EventType "team-swiss"]
[EventDate "2010.12.26"]

1. e4 e6 2. d4 d5 3. Nd2 c5 4. exd5 exd5 5. Ngf3 Nc6 6. Bb5 Nf6 7. O-O Be7 8.
dxc5 Bxc5 9. Nb3 Be7 10. Bf4 O-O 11. Nfd4 Qb6 12. Nxc6 bxc6 13. Bd3 Ba6 14. Re1
Bxd3 15. Qxd3 Qd8 16. Re3 Bd6 17. Bxd6 Qxd6 18. Rh3 1/2-1/2

[Event "DVM U12 2010"]
[Site "Templin OT Groß Dölln GER"]
[Date "2010.12.29"]
[Round "6"]
[White "Fuchs, Sebastian"]
[Black "Paulsen, Alexej"]
[Result "1/2-1/2"]
[Termination "normal"]
[Board "1.4"]
[WhiteElo "1363"]
[BlackElo "1559"]
[WhiteTeam "USV TU Dresden"]
[BlackTeam "Makkabi Frankfurt"]
[BlackFideId "24662372"]
[EventCountry "GER"]
[EventRounds "7"]
[EventType "team-swiss"]
[EventDate "2010.12.26"]

1. e4 c5 2. Nf3 Nc6 3. d4 cxd4 4. Nxd4 Nf6 5. Nc3 d6 6. f3 e5 7. Nxc6 bxc6 8.
Bc4 Be7 9. Be3 O-O 10. O-O Bb7 11. Bf2 d5 12. Bd3 d4 13. Ne2 c5 14. c3 Rc8 15.
b3 Qd6 16. c4 Nd7 17. Ng3 g6 18. Be1 Bg5 19. Bd2 Bxd2 20. Qxd2 f6 21. Qc2 a5
22. Rab1 Qb6 23. Kh1 Ra8 24. Rb2 Bc6 25. Ne2 Qb4 26. Ra1 Qa3 27. Rbb1 Rfb8 28.
Qd1 Rb7 29. Nc1 Rab8 30. Qd2 Qb4 31. Qf2 Kg7 32. Bc2 Qb6 33. Nd3 Qa6 34. Bd1
Rf8 35. Qg3 Kh8 1/2-1/2

[Event "DVM U12 2010"]
[Site "Templin OT Groß Dölln GER"]
[Date "2010.12.29"]
[Round "6"]
[White "Riehle, Marco"]
[Black "Müller, Constantin"]
[Result "0-1"]
[Termination "normal"]
[Board "2.1"]
[WhiteElo "1591"]
[BlackElo "1874"]
[WhiteTeam "SF Sasbach"]
[BlackTeam "SK München Südost"]
[WhiteFideId "12904392"]
[BlackFideId "24697630"]
[EventCountry "GER"]
[EventRounds "7"]
[EventType "team-swiss"]
[EventDate "2010.12.26"]

1. e4 e6 2. d4 d5 3. Nd2 Nf6 4. e5 Nfd7 5. Ngf3 c5 6. c3 b6 7. Bd3 Ba6 8. Bxa6
Nxa6 9. O-O Be7 10. Ne1 O-O 11. f4 f5 12. Rf3 Rf7 13. Rh3 Nf8 14. Ndf3 g6 15.
Be3 c4 16. Bf2 b5 17. a3 Nb8 18. Bh4 Bxh4 19. Rxh4 Nc6 20. Ng5 Rg7 21. Nc2 Qe7
22. Qd2 a5 23. Rf1 Rb8 24. Rf3 b4 25. Rfh3 Qb7 26. cxb4 axb4 27. Rf3 bxa3 28.
bxa3 Qa7 29. Rhh3 Rb1+ 30. Rf1 Rgb7 31. Rxb1 Rxb1+ 32. Kf2 Rb2 33. Nf3 $11 Rb3
34. Nfe1 Rxh3 35. gxh3 Qa4 36. Nb4 Na7 37. Nbc2 Qb3 38. Kg2 $11 Nb5 39. Qb4 Nc3
40. Kh1 $11 Ne2 41. Qd2 Nc3 42. Kg2 Nd7 43. Nf3 Ne4 44. Qe2 Nb6 45. Ng5 Nxg5
46. fxg5 Qd3 47. Qxd3 cxd3 48. Ne3 Nc4 49. Nxc4 dxc4 50. Kf2 c3 51. Ke1 c2 52.
Kd2 f4 53. a4 f3 54. a5 f2 55. a6 f1=Q 56. Kc3 Qa1+ 57. Kxd3 c1=Q 0-1

[Event "DVM U12 2010"]
[Site "Templin OT Groß Dölln GER"]
[Date "2010.12.29"]
[Round "6"]
[White "Martin, Julian"]
[Black "Bergauz, Noam"]
[Result "1/2-1/2"]
[Termination "normal"]
[Board "2.3"]
[WhiteElo "1395"]
[BlackElo "1361"]
[WhiteTeam "SF Sasbach"]
[BlackTeam "SK München Südost"]
[WhiteFideId "12941000"]
[BlackFideId "12938033"]
[EventCountry "GER"]
[EventRounds "7"]
[EventType "team-swiss"]
[EventDate "2010.12.26"]

1. e4 c6 2. c4 d5 3. exd5 cxd5 4. cxd5 Nf6 5. Nc3 Nxd5 6. Nf3 Nc6 7. Bb5 e6 8.
O-O Be7 9. d4 O-O 10. Re1 a6 11. Bd3 b5 12. a3 Bb7 13. Ne5 Rc8 14. Rb1 Nxc3 15.
bxc3 Nxe5 16. Rxe5 Rxc3 17. Bb2 Rc8 18. Qh5 h6 19. Qh3 Bf6 20. Rh5 Bxd4 21.
Bxd4 Qxd4 22. Rd1 f5 23. Qg3 Qg4 24. Qxg4 fxg4 25. Be2 Bd5 26. Bxg4 Rc4 27. Be2
Rc2 28. Re1 Rfc8 29. Re5 Ra2 30. Re3 Rcc2 31. h3 Bc4 32. Bxc4 bxc4 33. Rf1 c3
34. Rxe6 Rxa3 35. Re8+ Kh7 36. Rc8 Rca2 37. Rc1 Rb3 38. R8xc3 Rbb2 39. Rf3 Rb7
40. Rf8 Ra7 41. Rcc8 Rb2 42. Ra8 Rbb7 43. h4 h5 44. Rxa7 Rxa7 45. Rf5 g6 46.
Ra5 Kg7 47. Kf1 Kf6 48. Ke2 Ke6 49. Kd3 Kd6 50. Kc4 Kc6 51. Rg5 Rg7 {=} 52. Ra5
Ra7 1/2-1/2

[Event "DVM U12 2010"]
[Site "Templin OT Groß Dölln GER"]
[Date "2010.12.29"]
[Round "6"]
[White "Theilig, Franz"]
[Black "Ehmann, Thilo"]
[Result "0-1"]
[Termination "normal"]
[Board "2.4"]
[WhiteElo "1290"]
[BlackElo "1288"]
[WhiteTeam "SK München Südost"]
[BlackTeam "SF Sasbach"]
[BlackFideId "12940968"]
[EventCountry "GER"]
[EventRounds "7"]
[EventType "team-swiss"]
[EventDate "2010.12.26"]

1. f4 e5 2. fxe5 d6 3. exd6 Bxd6 4. Nf3 Nf6 5. e3 Ng4 6. h3 Bg3+ 7. Ke2 Nf2 8.
Qe1 Nxh1 9. Qd1 Nf2 10. Qe1 Ne4 11. Qd1 O-O 12. d3 Nf6 13. b3 Nc6 14. Bb2 Re8
15. Nbd2 Nh5 16. Ne4 f5 17. Nf2 Nf4+ 18. Ke1 Rxe3+ 19. Kd2 Bxf2 20. g3 Re8 21.
gxf4 Be3+ 22. Ke1 Bd4+ 0-1

[Event "DVM U12 2010"]
[Site "Templin OT Groß Dölln GER"]
[Date "2010.12.29"]
[Round "6"]
[White "Wendland, Tobias"]
[Black "Poghosyan, Tigran"]
[Result "1-0"]
[Termination "normal"]
[Board "3.1"]
[WhiteElo "1621"]
[BlackElo "1542"]
[WhiteTeam "SV Backnang"]
[BlackTeam "Lübecker SV"]
[WhiteFideId "24662267"]
[BlackFideId "12909319"]
[EventCountry "GER"]
[EventRounds "7"]
[EventType "team-swiss"]
[EventDate "2010.12.26"]

1. d4 Nf6 2. c4 g6 3. Nc3 d5 4. Bf4 Bg7 5. e3 O-O 6. Nf3 c6 7. Rc1 Bg4 8. Be2
Nbd7 9. cxd5 cxd5 10. O-O a6 11. Ne5 Bxe2 12. Qxe2 Nb6 13. Rc2 Rc8 14. Rfc1 e6
15. h3 Qe7 16. Qd3 Rfd8 17. Nb1 Rxc2 18. Rxc2 Rc8 19. Nd2 Nfd7 20. Ndf3 Nxe5
21. Nxe5 f6 22. Nf3 e5 23. Rxc8+ Nxc8 24. dxe5 Nb6 25. exf6 Bxf6 26. b3 Kg7 27.
Bg3 Qc5 28. Qd2 Qe7 29. Qa5 Qe5 {weiter nicht nachvollziehbar, Weiß gewinnt im
77.Zug} 1-0

[Event "DVM U12 2010"]
[Site "Templin OT Groß Dölln GER"]
[Date "2010.12.29"]
[Round "6"]
[White "Kololli, Kevin"]
[Black "Maier, Lukas"]
[Result "1-0"]
[Termination "normal"]
[Board "3.2"]
[WhiteElo "1324"]
[BlackElo "1387"]
[WhiteTeam "Lübecker SV"]
[BlackTeam "SV Backnang"]
[WhiteFideId "12936863"]
[BlackFideId "12946184"]
[EventCountry "GER"]
[EventRounds "7"]
[EventType "team-swiss"]
[EventDate "2010.12.26"]

1. e4 e5 2. Nf3 Nc6 3. Bc4 Bc5 4. c3 Nf6 5. d4 exd4 6. cxd4 Bb4+ 7. Nc3 O-O 8.
d5 Ne7 9. Qc2 d6 10. h3 Re8 11. O-O Ng6 12. Bd3 h6 13. Bd2 Bd7 14. Rac1 Bxc3
15. bxc3 a6 16. c4 Rc8 17. Rfe1 Re7 18. Bc3 Qe8 19. Bxf6 gxf6 20. Qb2 f5 21.
exf5 Nf4 22. Qd2 Nxd3 23. Qxd3 Qf8 24. Rxe7 Qxe7 25. Re1 Qf6 26. g4 h5 27. Kg2
hxg4 28. hxg4 c6 29. Rd1 Rd8 30. dxc6 Bxc6 31. c5 d5 32. g5 Qe7 33. f6 Qe6 34.
Qd4 Bd7 35. Ne5 Qh3+ 36. Kg1 Be6 37. Rd3 Qf5 38. Rf3 Qb1+ 39. Kg2 Qxa2 40. Qh4
d4 41. Qh6 1-0

[Event "DVM U12 2010"]
[Site "Templin OT Groß Dölln GER"]
[Date "2010.12.29"]
[Round "6"]
[White "Zouani, Samir"]
[Black "Kololli, Martin"]
[Result "0-1"]
[Termination "normal"]
[Board "3.3"]
[WhiteElo "1263"]
[BlackElo "1431"]
[WhiteTeam "SV Backnang"]
[BlackTeam "Lübecker SV"]
[WhiteFideId "12946206"]
[BlackFideId "12936910"]
[EventCountry "GER"]
[EventRounds "7"]
[EventType "team-swiss"]
[EventDate "2010.12.26"]

1. e4 e5 2. Nf3 Nc6 3. Bb5 a6 4. Ba4 d6 5. d4 exd4 6. Nxd4 Bd7 7. O-O Be7 8.
Re1 Bf6 9. Nxc6 Bxc6 10. Bxc6+ bxc6 11. f4 Ne7 12. Na3 Ng6 13. f5 Ne5 14. c3
O-O 15. Re3 g6 16. Rg3 Bg7 17. Rh3 Re8 18. Bh6 Bxh6 19. Rxh6 Kg7 20. Rh3 Qg5
21. Rg3 Qh4 22. Qe2 Nd7 23. Rg4 Qh5 24. Qf3 Ne5 25. Rxg6+ hxg6 26. Qxh5 gxh5
27. Nc2 Rg8 28. Rf1 Kf6 29. Ne3 Rg5 30. Rf2 Ng4 31. Nxg4+ Rxg4 32. Re2 Re8 33.
h3 Rgxe4 34. Rxe4 Rxe4 35. b4 Re2 36. a4 Kxf5 37. g4+ hxg4 38. hxg4+ Kxg4 39.
b5 cxb5 40. axb5 a5 41. b6 cxb6 42. c4 a4 43. c5 a3 44. Kf1 Rb2 45. cxd6 a2 46.
d7 a1=Q# 0-1

[Event "DVM U12 2010"]
[Site "Templin OT Groß Dölln GER"]
[Date "2010.12.29"]
[Round "6"]
[White "Altemüller, Jakob"]
[Black "Rausch, Adrian"]
[Result "0-1"]
[Termination "normal"]
[Board "3.4"]
[WhiteElo "1205"]
[BlackElo "1326"]
[WhiteTeam "Lübecker SV"]
[BlackTeam "SV Backnang"]
[BlackFideId "12929069"]
[EventCountry "GER"]
[EventRounds "7"]
[EventType "team-swiss"]
[EventDate "2010.12.26"]

1. e4 c6 2. d4 d5 3. exd5 cxd5 4. Nc3 e6 5. Nf3 Bd6 6. Bb5+ Nc6 7. O-O Nge7 8.
Bg5 f6 9. Bh4 a6 10. Ba4 b5 11. Bb3 O-O 12. Re1 Qb6 13. Qd2 Nf5 14. Rad1 a5 15.
a3 a4 16. Ba2 b4 17. Ne2 bxa3 18. bxa3 Bxa3 19. Qd3 Bd6 20. c3 Qc7 21. Bb1 Ba6
22. Qc2 g6 23. Ng3 Nxg3 24. Bxg3 Bxg3 25. hxg3 Rfe8 26. Rd2 a3 27. Ba2 Na5 28.
Qa4 Nc4 29. Rc2 Reb8 30. Rxe6 Bb5 31. Qb4 Ba4 32. Re7 Qc6 33. Qc5 Qxc5 34. dxc5
Bxc2 35. c6 Re8 36. Rd7 Rec8 37. c7 Nb6 38. Re7 Ra7 39. Nd4 Raxc7 40. Rxc7 Rxc7
41. Nxc2 Rxc3 42. Ne3 Rc1+ 43. Kh2 Ra1 44. Bb3 Rb1 0-1

[Event "DVM U12 2010"]
[Site "Templin OT Groß Dölln GER"]
[Date "2010.12.29"]
[Round "6"]
[White "Böhning, Kilian"]
[Black "Richter, Leonard"]
[Result "0-1"]
[Termination "normal"]
[Board "4.1"]
[WhiteElo "1688"]
[BlackElo "1826"]
[WhiteTeam "Hagener SV"]
[BlackTeam "BSG Chemie Leipzig"]
[WhiteFideId "1270499"]
[BlackFideId "12900290"]
[EventCountry "GER"]
[EventRounds "7"]
[EventType "team-swiss"]
[EventDate "2010.12.26"]

1. e4 c6 2. d4 d5 3. e5 Bf5 4. Ne2 e6 5. Ng3 Bg6 6. h4 h6 7. h5 Bh7 8. Bd3 Bxd3
9. Qxd3 c5 10. c3 Nc6 11. Be3 Qb6 12. Qd2 cxd4 13. cxd4 Na5 14. Qc2 Bb4+ 15.
Nc3 Ne7 16. O-O Rc8 17. Rac1 O-O 18. f4 Nc4 19. Bf2 Nxb2 20. Qxb2 Bxc3 21. Qxb6
axb6 22. Ne2 Bb2 23. Rb1 Rc2 24. Ng3 Ra8 25. Be3 Rxa2 26. Rf2 Rxf2 27. Bxf2 Nc6
28. Ne2 b5 29. Nc1 Bxc1 30. Rxc1 b4 31. Rb1 Ra5 32. Kf1 Rb5 33. Ke2 Kf8 34. Kd3
Ke7 35. g4 Ra5 36. Rb3 Ra1 37. Ke2 Ra2+ 38. Kf1 Ra3 39. Rb2 0-1

[Event "DVM U12 2010"]
[Site "Templin OT Groß Dölln GER"]
[Date "2010.12.29"]
[Round "6"]
[White "Angrick, Philipp"]
[Black "Laubrock, Paul"]
[Result "1-0"]
[Termination "normal"]
[Board "4.2"]
[WhiteElo "1837"]
[BlackElo "1377"]
[WhiteTeam "BSG Chemie Leipzig"]
[BlackTeam "Hagener SV"]
[WhiteFideId "12912298"]
[BlackFideId "1270509"]
[EventCountry "GER"]
[EventRounds "7"]
[EventType "team-swiss"]
[EventDate "2010.12.26"]

1. e4 d5 2. exd5 Qxd5 3. Nc3 Qa5 4. Bc4 Nc6 5. Nf3 Bg4 6. Ne4 Nf6 7. Qe2 Nd4 8.
Bxf7+ Kxf7 9. Qc4+ Ne6 10. Neg5+ Ke8 11. Nxe6 Bxf3 12. gxf3 Qe5+ 13. Qe2 Qd6
14. d3 Kd7 15. Ng5 Qd5 16. Ne4 Re8 17. Be3 g6 18. Nc3 Qa5 19. O-O-O Bg7 20. d4
Rhf8 21. Kb1 Kc8 22. Rd3 Nd7 23. Ne4 e5 24. d5 Qa6 25. Qd2 Nb6 26. d6 Rd8 27.
Qc3 c6 28. Nc5 Na4 29. Nxa6 Nxc3+ 30. Rxc3 bxa6 31. Rxc6+ Kd7 32. Rc7+ Kxd6 33.
Rxg7 Ke6 34. a3 Rxf3 35. Rxh7 Kf5 36. Rxa7 1-0

[Event "DVM U12 2010"]
[Site "Templin OT Groß Dölln GER"]
[Date "2010.12.29"]
[Round "6"]
[White "Balazs, Balint"]
[Black "Schaefer, Matthes"]
[Result "1/2-1/2"]
[Termination "normal"]
[Board "4.3"]
[WhiteElo "1300"]
[BlackElo "1387"]
[WhiteTeam "Hagener SV"]
[BlackTeam "BSG Chemie Leipzig"]
[WhiteFideId "12922757"]
[BlackFideId "12946117"]
[EventCountry "GER"]
[EventRounds "7"]
[EventType "team-swiss"]
[EventDate "2010.12.26"]

1. d4 d5 2. Bf4 Nf6 3. Nc3 c5 4. e3 cxd4 5. exd4 a6 6. f3 e6 7. Qd2 Nc6 8. Nge2
Bd7 9. Ng3 Qb6 10. O-O-O Bb4 11. Nge2 Rc8 12. a3 Ba5 13. b4 Nxb4 14. axb4 Bxb4
15. Qd3 Bb5 16. Nxb5 axb5 17. Bd2 Bd6 18. Bc3 O-O 19. Kd2 b4 20. Bb2 Rc7 21.
Ke3 Re8 22. Kf2 e5 23. Ng3 e4 24. fxe4 dxe4 25. Qb3 e3+ 26. Ke1 Ng4 27. Bc4
Nxh2 28. Nf5 Qc6 29. Bd5 Qd7 30. Nxd6 Qxd6 1/2-1/2

[Event "DVM U12 2010"]
[Site "Templin OT Groß Dölln GER"]
[Date "2010.12.29"]
[Round "6"]
[White "Caprita, Victor"]
[Black "Hoppe, Andreas"]
[Result "1-0"]
[Termination "normal"]
[Board "4.4"]
[WhiteElo "1175"]
[BlackElo "1193"]
[WhiteTeam "BSG Chemie Leipzig"]
[BlackTeam "Hagener SV"]
[WhiteFideId "12946125"]
[BlackFideId "12922811"]
[EventCountry "GER"]
[EventRounds "7"]
[EventType "team-swiss"]
[EventDate "2010.12.26"]

1. d4 d5 2. c4 e6 3. Nc3 Nf6 4. Nf3 Nc6 5. Bf4 Bd6 6. Bg3 O-O 7. e3 Bxg3 8.
hxg3 Bd7 9. Qc2 a6 10. cxd5 exd5 11. O-O-O Ne7 12. e4 dxe4 13. Nxe4 Nxe4 14.
Qxe4 Bc6 15. Qd3 Qd5 16. Kb1 Qa5 17. g4 f6 18. Qb3+ Kh8 19. Bc4 Ba4 20. Qa3 b6
21. b4 Bc2+ 22. Kb2 Qxa3+ 23. Kxa3 Bxd1 24. Rxd1 a5 25. b5 Rad8 26. Nh4 g5 27.
Nf3 Rd6 28. Re1 Ng6 29. g3 c6 30. Bd3 Kg7 31. Ka4 c5 32. Rc1 cxd4 33. Rc6 Rxc6
34. bxc6 Ne7 35. Nxd4 Rd8 36. Ne6+ Kf7 37. Nxd8+ Ke8 38. Ne6 Nxc6 39. Bb5 Ke7
40. Bxc6 Kxe6 41. Kb5 f5 42. gxf5+ Kxf5 43. Kxb6 Kg4 44. Kxa5 1-0

[Event "DVM U12 2010"]
[Site "Templin OT Groß Dölln GER"]
[Date "2010.12.29"]
[Round "6"]
[White "Scheinhütte, Jakob"]
[Black "Greßmann, Moritz"]
[Result "0-1"]
[Termination "normal"]
[Board "5.1"]
[WhiteElo "1587"]
[BlackElo "1633"]
[WhiteTeam "SV Empor Berlin"]
[BlackTeam "BSV Chemie Weißensee"]
[WhiteFideId "24693944"]
[BlackFideId "24695084"]
[EventCountry "GER"]
[EventRounds "7"]
[EventType "team-swiss"]
[EventDate "2010.12.26"]

1. e4 d6 2. d4 Nf6 3. Nc3 g6 4. Bc4 Bg7 5. Nf3 O-O 6. O-O c5 7. Be3 Nbd7 8. a3
a6 9. h3 b5 10. Ba2 Bb7 11. dxc5 dxc5 12. Nd2 Rc8 13. f3 Qc7 14. Re1 b4 15. Ne2
Nh5 16. Rb1 a5 17. Nc4 Ne5 18. Qc1 Ba6 19. Nxe5 Qxe5 20. Bh6 Bxe2 21. Bxg7 Kxg7
22. Rxe2 Qd4+ 23. Qe3 Rfd8 24. Qxd4+ Rxd4 25. c3 Rd7 26. e5 e6 27. Kf2 Rcd8 28.
cxb4 cxb4 29. g3 Rd2 30. Rbe1 Kg8 31. Bb1 R8d4 32. g4 Rxe2+ 33. Rxe2 Nf4 34.
Re1 g5 35. Kg3 Rd2 36. Rg1 Ne2+ 37. Kf2 Nxg1+ 38. Kxg1 Rxb2 39. Be4 bxa3 0-1

[Event "DVM U12 2010"]
[Site "Templin OT Groß Dölln GER"]
[Date "2010.12.29"]
[Round "6"]
[White "Donath, Johann"]
[Black "Schmid, Floyd"]
[Result "0-1"]
[Termination "normal"]
[Board "5.2"]
[WhiteElo "1520"]
[BlackElo "1527"]
[WhiteTeam "BSV Chemie Weißensee"]
[BlackTeam "SV Empor Berlin"]
[WhiteFideId "24685160"]
[BlackFideId "24686069"]
[EventCountry "GER"]
[EventRounds "7"]
[EventType "team-swiss"]
[EventDate "2010.12.26"]

1. c4 b6 2. Nc3 Bb7 3. d4 e6 4. e4 d6 5. Nf3 Nd7 6. Bd3 c5 7. d5 Ngf6 8. O-O a6
9. Ng5 h6 10. dxe6 hxg5 11. exd7+ Qxd7 12. Bxg5 Be7 13. Bxf6 Bxf6 14. Nd5 Bxd5
15. exd5 Be5 16. f4 Bd4+ 17. Kh1 O-O-O 18. Qc2 Kb7 19. Rae1 Rh6 20. Re2 Rdh8
21. g3 Qh3 22. Rg2 g6 23. Re1 Qg4 24. Be2 Qxg3 25. Bf1 Rxh2+ 0-1

[Event "DVM U12 2010"]
[Site "Templin OT Groß Dölln GER"]
[Date "2010.12.29"]
[Round "6"]
[White "Hertzfeldt, Leon"]
[Black "Koch, Elisabeth"]
[Result "1-0"]
[Termination "normal"]
[Board "5.3"]
[WhiteElo "1349"]
[BlackElo "1306"]
[WhiteTeam "SV Empor Berlin"]
[BlackTeam "BSV Chemie Weißensee"]
[BlackFideId "24695068"]
[EventCountry "GER"]
[EventRounds "7"]
[EventType "team-swiss"]
[EventDate "2010.12.26"]

1. e4 e5 2. Nf3 Nc6 3. Bc4 Nf6 4. d4 exd4 5. O-O Nxe4 6. Re1 d5 7. Bxd5 Qxd5 8.
Nc3 Qa5 9. Nxe4 Be6 10. Neg5 O-O-O 11. Nxe6 fxe6 12. Rxe6 Bd6 13. Bg5 Rdf8 14.
Qe2 h6 15. Bh4 Qh5 16. Bg3 Bxg3 17. hxg3 g5 18. Re1 g4 19. Nh4 Qc5 20. Kh1 Nb4
21. Ng6 Qxc2 22. Nxf8 Qxe2 23. Re8+ 1-0

[Event "DVM U12 2010"]
[Site "Templin OT Groß Dölln GER"]
[Date "2010.12.29"]
[Round "6"]
[White "Gast, Benedikt"]
[Black "Sabirov, Ramil"]
[Result "0-1"]
[Termination "normal"]
[Board "6.1"]
[WhiteElo "1434"]
[BlackElo "1720"]
[WhiteTeam "SV Breitenworbis"]
[BlackTeam "SG Porz"]
[WhiteFideId "12937967"]
[BlackFideId "12900303"]
[EventCountry "GER"]
[EventRounds "7"]
[EventType "team-swiss"]
[EventDate "2010.12.26"]

1. e4 c5 2. c4 Nc6 3. Nc3 g6 4. g3 Bg7 5. Bg2 e6 6. Nge2 Nge7 7. Rb1 O-O 8. O-O
a6 9. d3 d6 10. Be3 Nd4 11. Qd2 Rb8 12. Bh6 Nec6 13. Bxg7 Kxg7 14. f4 b5 15. h3
Bd7 16. Kh2 Re8 17. g4 f5 18. exf5 exf5 19. gxf5 Bxf5 20. Ng3 Qd7 21. Nd5 Ne7
22. Ne3 bxc4 23. Ngxf5+ Nexf5 24. Nxf5+ Qxf5 25. dxc4 Re2 26. Qc3 Rbe8 27. Rbe1
R8e3 28. Qxe3 Rxe3 29. Rxe3 Qc2 30. Re7+ Kf6 31. Rxh7 Qxb2 32. a4 Qc2 33. Kh1
Qxc4 34. a5 Nf5 35. Rd1 Qxf4 36. Rb7 Qa4 37. Re1 Qxa5 38. Rbb1 c4 39. Rbc1 d5
40. Red1 Ne3 41. Re1 Nxg2 42. Rf1+ Kg5 43. Kxg2 d4 44. Rg1 c3 45. Kh1+ Kh5 46.
Rcf1 Qd5+ 47. Kh2 Qe5+ 48. Kh1 Qe4+ 49. Kh2 Qe2+ 50. Kh1 c2 51. Rc1 d3 52. Rce1
Qxe1 53. Rxe1 d2 0-1

[Event "DVM U12 2010"]
[Site "Templin OT Groß Dölln GER"]
[Date "2010.12.29"]
[Round "6"]
[White "Brungs, Sven"]
[Black "Vergin, Marcel"]
[Result "1/2-1/2"]
[Termination "normal"]
[Board "6.2"]
[WhiteElo "1191"]
[BlackElo "1182"]
[WhiteTeam "SG Porz"]
[BlackTeam "SV Breitenworbis"]
[WhiteFideId "12946257"]
[EventCountry "GER"]
[EventRounds "7"]
[EventType "team-swiss"]
[EventDate "2010.12.26"]

1. d4 d5 2. Nf3 Nf6 3. Bf4 c5 4. c3 Qb6 5. Qb3 Nc6 6. Nbd2 e6 7. e3 Qd8 8. Be2
Bd6 9. Bg3 O-O 10. Qc2 Re8 11. Ne5 Qc7 12. Nxc6 Qxc6 13. Bxd6 Qxd6 14. Nf3 a6
15. b3 Rb8 16. c4 Bd7 17. cxd5 cxd4 18. dxe6 Rxe6 19. Nxd4 Re7 20. O-O Rc8 21.
Qd3 Qe5 22. Nf3 Qb2 23. Rfe1 Qa3 24. Qd4 Qa5 25. b4 Qh5 26. Qh4 Qg6 27. Qg5 Qe4
28. Qh4 Qg6 29. Qg5 1/2-1/2

[Event "DVM U12 2010"]
[Site "Templin OT Groß Dölln GER"]
[Date "2010.12.29"]
[Round "6"]
[White "Schirmer, Christoph"]
[Black "Ramien, David"]
[Result "0-1"]
[Termination "normal"]
[Board "6.3"]
[WhiteElo "1086"]
[BlackElo "1237"]
[WhiteTeam "SV Breitenworbis"]
[BlackTeam "SG Porz"]
[BlackFideId "12948241"]
[EventCountry "GER"]
[EventRounds "7"]
[EventType "team-swiss"]
[EventDate "2010.12.26"]

1. e4 c5 2. c4 Nc6 3. Nc3 d6 4. g3 g6 5. Bg2 Bg7 6. Nge2 e6 7. O-O Nge7 8. d3
O-O 9. Be3 Nd4 10. Qd2 Re8 11. Bh6 Bh8 12. Nxd4 cxd4 13. Ne2 e5 14. f4 f5 15.
fxe5 dxe5 16. exf5 Nxf5 17. Bd5+ Be6 18. Bxe6+ Rxe6 19. Bg5 Bf6 20. Bxf6 Rxf6
21. Qg5 Rf8 22. Qxd8 Raxd8 23. g4 Ne3 24. Rxf8+ Rxf8 25. g5 Rf5 26. h4 Rf3 27.
b4 Nc2 28. Rf1 Rxd3 29. b5 Rh3 30. h5 Rxh5 31. Rf2 Rxg5+ 32. Kh1 Rf5 33. Rg2
Ne3 34. Rg1 Rh5# 0-1

[Event "DVM U12 2010"]
[Site "Templin OT Groß Dölln GER"]
[Date "2010.12.29"]
[Round "6"]
[White "Terwel, Diederick"]
[Black "Richardt, Angelina"]
[Result "1-0"]
[Termination "normal"]
[Board "6.4"]
[WhiteElo "1028"]
[BlackElo "1101"]
[WhiteTeam "SG Porz"]
[BlackTeam "SV Breitenworbis"]
[BlackFideId "12938149"]
[EventCountry "GER"]
[EventRounds "7"]
[EventType "team-swiss"]
[EventDate "2010.12.26"]

1. d4 Nf6 2. c4 d6 3. Nc3 Nbd7 4. e3 e5 5. Nf3 Be7 6. Bd3 O-O 7. O-O Re8 8. Re1
c6 9. Qc2 Qc7 10. b3 a6 11. Ba3 b5 12. Ne4 Bb7 13. Nxf6+ Nxf6 14. dxe5 dxe5 15.
Bxe7 Rxe7 16. Nd2 b4 17. Ne4 Nxe4 18. Bxe4 h6 19. Rad1 Rd7 20. Rxd7 Qxd7 21.
Rd1 Qc7 22. Qd2 c5 23. Bxb7 Qxb7 24. Qd5 Qxd5 25. Rxd5 Rc8 26. Rxe5 Rd8 27. Rd5
Rc8 28. Kf1 Kf8 29. Ke2 Ke7 30. Kd3 Ke6 31. Ke4 g6 32. g4 h5 33. gxh5 gxh5 34.
Rxh5 Kd6 35. Rh6+ Kc7 36. Rxa6 Rd8 37. a3 bxa3 38. Rxa3 Kb6 39. Ra2 Rh8 40. f4
Re8+ 41. Kf3 f5 42. Rb2 Ka5 43. Rd2 Kb4 44. Rd5 Rf8 45. h4 Rf7 46. e4 fxe4+ 47.
Kxe4 Rh7 48. h5 Rh6 49. Kf3 Rf6 50. Kg4 Rh6 51. Kg5 Rh8 52. Kg6 Rg8+ 53. Kh7
Rf8 54. f5 Rf7+ 55. Kg6 Rf8 56. Kg7 Re8 57. f6 Rc8 58. f7 Rc7 59. Kg8 Rc8+ 60.
f8=Q Rxf8+ 61. Kxf8 Kxb3 62. Rxc5 Kb4 63. Rc8 Ka5 64. h6 Kb6 65. h7 Kb7 66. Re8
Kc6 67. h8=Q Kc5 68. Rd8 Kxc4 69. Qb2 Kc5 70. Qc2+ Kb4 71. Rb8+ 1-0